Word Ladder: Luck O' The Irish Quiz Stats

Quiz Updated Apr 16, 2015

Challenge
Share
Tweet
Embed
Score 0/21 Timer 02:00
0 Plays Today
HINT 4-LETTER WORD % Correct
Sesame or poppy, e.g.SEED
93.5%
Mr. Connery or PennSEAN
92.9%
Bread unitLOAF
87.6%
✤ ____ OF AGES ✤✤ ROCK ✤
86%
Shakespearean KingLEAR
85.8%
Kind of puss or grapesSOUR
84.2%
Jack Sprat dietary preferenceLEAN
84.1%
Quick lookPEEK
84%
American rocker Lou ____REED
83.8%
✤ FAB OR FANTASTIC ____✤ FOUR ✤
82.9%
Give, for a whileLOAN
82.2%
HINT 4-LETTER WORD % Correct
Tool hutSHED
82.1%
Strong odorREEK
81.3%
SkyrocketSOAR
80.2%
Pickled peppers quantityPECK
79.7%
CharSEAR
79.4%
✤ NFL QB RYAN ____✤ LEAF ✤
78.3%
Acne scarPOCK
77.8%
Coal depositSEAM
54.8%
HerringSHAD
51.6%
✤ FARCE ✤✤ SHAM ✤
49.7%

Today's Daily Dose

Missing Word
1998 A-Z Movies

Word Ladder
5 Vowel Sounds

Quick Pick
Legal Terms

On This Day
June 25th II

You're not logged in!

Compare scores with friends on all Sporcle quizzes.
Join for Free
OR
Log In

You Might Also Like...

Show Comments

Extras

Top Quizzes Today


Score Distribution

Your Account Isn't Verified!

In order to create a playlist on Sporcle, you need to verify the email address you used during registration. Go to your Sporcle Settings to finish the process.

Report this User

Report this user for behavior that violates our Community Guidelines.

Details: